000 00579cam a2200193ua 4500
001 356
008 110330n ii |||gr||||Z||||||asm
040 _cMAIN
082 _a320.5
245 1 _aSnatok mahalar rajnaitik tatta aru Plato,Aristotel rajnaitik darsan
_cby Jyogeswar Borah
250 _a2nd.
260 _aJorhat:
_bBidyabhawan,
_c2009.
300 _a411p:
_c25cm.
653 _aPolitical science
653 _aPolitical theory
653 _aSnatak mahalar rajnaitik tattwa aru Plato-Aristotelor rajnaitik darsan
700 _aBorah, Jyogeswar. ,
_eAuthor.
942 _cBK
999 _c305
_d305